000
00306nam a2200109Ia 4500
008
200302s9999 xx 000 0 und d
100
_a
Smithi Siribhadra & Others
245
_a
Palaces of the Gods Khmer Art & Architecture in Thailans
260
_b
Thames and Hudson Ltd.
260
_c
1997
300
_a
352 P.,
999
_c
1906
_d
1906